| 000 -LEADER |
| fixed length control field |
00553nam a2200181 a 4500 |
| 020 ## - INTERNATIONAL STANDARD BOOK NUMBER |
| ISBN |
925103818X |
| 040 ## - CATALOGING SOURCE |
| Transcribing agency |
DJB |
| 082 00 - DEWEY DECIMAL CLASSIFICATION NUMBER |
| Classification number |
363 FAO 1997 C323 Or. |
| 100 1# - MAIN ENTRY--AUTHOR NAME |
| Personal name |
Latham, Michael C. |
| 245 10 - TITLE STATEMENT |
| Title |
Human nutrition in the developing world / |
| 260 ## - PUBLICATION, DISTRIBUTION, ETC. (IMPRINT) |
| Place of publication |
Rome : |
| Name of publisher |
Food and Agriculture Organization of the United Nations, |
| Year of publication |
1997. |
| 300 ## - PHYSICAL DESCRIPTION |
| Number of Pages |
x, 508 p. : |
| Other physical details |
ill., map ; |
| Dimensions |
24 cm. |
| 650 #0 - SUBJECT ADDED ENTRY--TOPICAL TERM |
| Topical Term |
Nutrition |
| 650 #0 - SUBJECT ADDED ENTRY--TOPICAL TERM |
| Topical Term |
Nutrition policy |
| 650 #0 - SUBJECT ADDED ENTRY--TOPICAL TERM |
| Topical Term |
Malnutrition |
| 710 2# - ADDED ENTRY--CORPORATE NAME |
| Corporate name or jurisdiction name as entry element |
Food and Agriculture Organization of the United Nations. |
| 942 ## - ADDED ENTRY ELEMENTS (KOHA) |
| Koha item type |
ADB |
| 952 ## - LOCATION AND ITEM INFORMATION (KOHA) |
| Withdrawn status [LOCAL, KOHA] |
0 |